000 00908nam0a22002531 4500
001 rc\4313254
005 20260407121201.0
021 _aRU
_bРг7632
021 _aRU
_b(61-52484)
035 _a(NLR Aleph) 008261343
090 _a8398976
_c8398976
100 _a20130416d1961 |||y0rusy50 ca
101 0 _arus
102 _aRU
105 _aa z |||||
200 1 _aАвтомобили МАЗ-200, МАЗ-205 и МАЗ-200В
_eКраткое руководство по уходу и эксплуатации
_fСовет нар. хозяйства БССР. Гос. минский автомоб. завод
210 _aМинск
_cБ. и.
_d1961
215 _a45 с.
_cчерт.
_d22
712 0 2 _aМинский автомобильный завод
_3RU\NLR\AUTH\8810069769
_9641141
801 0 _aRU
_bNLR
_gpsbo
801 1 _aRU
_bELAR
_2rusmarc
852 _aNLR
_j61-6/7756
942 _cBOOK
980 _aNB